Vista normal Vista MARC

Entrada Personal Name

Número de registros utilizados en: 2

001 - CONTROL NUMBER

  • control field: 67649

003 - CONTROL NUMBER IDENTIFIER

  • control field: OSt

005 - DATE AND TIME OF LATEST TRANSACTION

  • control field: 20251205164641.0

008 - FIXED-LENGTH DATA ELEMENTS

  • fixed length control field: 251205|| aca||aabn | a|a d

040 ## - CATALOGING SOURCE

  • Original cataloging agency: OSt
  • Transcribing agency: OSt

100 ## - HEADING--PERSONAL NAME

  • Personal name: Higham, Chris

670 ## - SOURCE DATA FOUND

  • Source citation: Work cat.: (OSt)60056: Blackwood, Alan, 1932- 60854, 20 músicos /









Instituto Departamental de Cultura del Meta - Red Departamental de Bibliotecas Públicas del Meta.